01384cam a22003738i 450000100090000000300040000900500170001300800410003001000170007102000170008802000150010504000280012004200080014805000260015608200200018210000250020224501600022725000170038726400310040430000280043533600210046333700250048433800230050950400530053265000380058565000370062365000410066065000310070170000250073290600450075794200460080295201450084899900170099318010298OSt20230825160950.0140116s2015 mau b 001 0 eng  a 2014001795 a978332559400 a0133127400 aDLCbengcDLCerdadDLC apcc00aHD30.28b.B36834 201500a658.4012bBAR/S1 aBarney, Jay B.9936010aStrategic management and competitive advantage :bconcepts and cases /cJay B. Barney, The University of Utah, William S. Hesterly, The University of Utah. a5th edition. 1aBoston :bPearson,c[2015] axxi, 373 pages ;c27 cm atext2rdacontent aunmediated2rdamedia avolume2rdacarrier aIncludes bibliographical references and indexes. 0aStrategic planningvCase studies. 0aBusiness planningvCase studies. 0aIndustrial managementvCase studies. 0aCompetitionvCase studies.1 aHesterly, William S. a7bcbccorignewd1eecipf20gy-gencatlg 2ddccBKh658.4012iBAR/Sk658.4012mBAR/S 00102ddc40708MANAGEMENTaMESbMEScMANAGEMENTd2023-08-25l0o658.4012 BAR/Sp42203r2023-08-25 16:10:39v855.00w2023-08-25yBKzGL55R1 c41994d41994